000 01309nab a22002417a 4500
999 _c5582
_d5582
003 OSt
005 20251219102617.0
008 190429b xxu||||| |||| 00| 0 spa d
040 _cPJ
100 _96557
_aCarram, Moisés Naim
245 1 3 _aLos delitos informáticos, el convenio de Budapest y el ciber fraude /
_cMoisés Naim Carram.
260 _cCiudad Autónoma de Buenos Aires :
_aThomson Reuters La Ley,
_b2025.
300 _ap. 103-115
500 _aCita: TR LALEY AR/DOC/1063/2025.
505 _aSumario: I. Introducción.— II. Los delitos informáticos. Definiciones. Clasificación. Características especiales.— III. La regulación de los delitos informáticos en Argentina.— IV. Convenio sobre la ciberdelincuencia. El convenio de Budapest.— V. El Ciber fraude. Aspectos principales.— VI. Ausencia de regulación de la suplantación de identidad en Argentina.
505 _tSi te interesa el texto completo, solicitalo a koha@justierradelfuego.gov.ar
650 0 _9343
_aDERECHO PENAL
650 0 _9273
_aDERECHO INFORMATICO
650 0 _9278
_aDELITOS INFORMATICOS
650 0 _91042
_aFRAUDE
773 0 _02658
_93164
_tRevista de derecho penal y criminología. Nº 5 - Junio 2025
_dCiudad Autónoma de Buenos Aires : Thomson Reuters La Ley, 2017-
_x00347914
942 _2udc
_cANA